|
|
|
|
| LEADER |
00977nam a2200313 4500 |
| 001 |
DLU090091547 |
| 005 |
##20091201 |
| 040 |
# |
# |
|a DLU
|b eng
|
| 041 |
# |
# |
|a eng
|
| 044 |
# |
# |
|a us
|
| 100 |
# |
# |
|a Kummerle, Michael.
|
| 245 |
# |
# |
|a Rapid and reliable identification of food-borne yeasts by fourier-transform infrared spectroscopy /
|c Michael Kummerle, Siegfried Scherer, Herbert Seiler.
|
| 653 |
# |
# |
|a Fourier transformation
|
| 653 |
# |
# |
|a Infrared spectrometry
|
| 653 |
# |
# |
|a Isolate
|
| 653 |
# |
# |
|a Method
|
| 653 |
# |
# |
|a Yeast
|
| 700 |
# |
# |
|a Scherer, Siegfried.
|
| 700 |
# |
# |
|a Seiler, Herbert.
|
| 773 |
# |
# |
|t Applied and Environmental Microbiology
|g Vol. 64, no. 6 (June 1998), p. 2207-2214
|
| 920 |
# |
# |
|a Phòng Tạp chí -- Trung tâm Thông tin - Thư viện Trường Đại học Đà Lạt
|
| 994 |
# |
# |
|a DLU
|
| 900 |
# |
# |
|a True
|
| 911 |
# |
# |
|a Trương Bảo Trâm Anh
|
| 925 |
# |
# |
|a G
|
| 926 |
# |
# |
|a A
|
| 927 |
# |
# |
|a BB
|
| 980 |
# |
# |
|a Thư viện Trường Đại học Đà Lạt
|